Five Biggest Cities by Region #1 - Statistics

General Stats
  • This quiz has been taken 434 times
    355 since last reset
  • The average score is 27 of 39
Answer Stats
Group Population City % Correct
California 12.2 mil Los Angeles
99%
California 3.28 mil San Francisco
97%
South Korea 10.0 mil Seoul
97%
Scandanavia 1.02 mil Oslo
95%
Scandanavia 1.73 mil Stockholm
94%
Nigeria 13.7 mil Lagos
93%
Spain 6.31 mil Madrid
92%
California 2.96 mil San Diego
92%
Spain 4.62 mil Barcelona
91%
Scandanavia 1.32 mil Copenhagen
89%
California 1.72 mil Sacramento
89%
North Island, NZ 1.40 mil Auckland
88%
Former Yugoslavia 1.17 mil Belgrade
87%
North Island, NZ 209 k Wellington
84%
Former Yugoslavia 348 k Sarajevo
83%
Former Yugoslavia 688 k Zagreb
83%
Low Countries 1.11 mil Amsterdam
79%
Nigeria 2.94 mil Abuja
78%
South Korea 3.29 mil Busan
77%
Low Countries 1.91 mil Brussels
76%
Spain 1.70 mil Valencia
76%
Low Countries 830 k Rotterdam
75%
Low Countries 958 k Antwerp
70%
Spain 1.23 mil Seville
70%
Low Countries 804 k The Hague
66%
Former Yugoslavia 284 k Ljubljana
65%
Spain 872 k Bilbao
64%
Former Yugoslavia 510 k Skopje
63%
Scandanavia 642 k Göteborg
62%
Nigeria 4.16 mil Kano
59%
South Korea 2.94 mil Incheon
47%
California 1.93 mil Riverside
46%
South Korea 2.21 mil Daegu
42%
Nigeria 3.16 mil Ibadan
42%
Nigeria 2.08 mil Port Harcourt
39%
North Island, NZ 166 k Hamilton
25%
South Korea 1.49 mil Daejeon
24%
North Island, NZ 145 k Tauranga
14%
North Island, NZ 108 k Lower Hutt
6%
No matching quizzes found
Score Distribution
Percent of People with Each Score
Percentile by Number Answered
Your Score History
You have not taken this quiz since the last reset